000 00249nam a2200097Ia 4500
001 1151281
005 20250827011044.0
008 250824s9999 xx 000 0 und d
245 0 _aESKİCİ VE OĞULLARI
_cORHAN KEMAL
260 _bEVEREST YAYINLARI
999 _c1151281
_d1151281